000 00339nab a22001097u 4500
008 130520b1982 xxu||||| |||| 00| 0 spa d
041 _aspa
100 1 _aBlasig, W.
_967255
245 0 0 _aEl renacer de la oración en nuestro tiempo. Lengua alemana
_cW. Blasig
773 0 _tConcilium
_gV.3,1982,págs.415-417
_x0210-1041
_wRev134
942 _cAR
999 _c354883
_d354883